Witamy w Bibliotece Naukowej Instytutu Łączności!

Russko-anglijskij slovar' : (Rekord nr 11753)

000 -LEADER
fixed length control field 00890cam a2200241 i 4500
001 - CONTROL NUMBER
control field vtls002440158
003 - CONTROL NUMBER IDENTIFIER
control field NUKAT
005 - DATE AND TIME OF LATEST TRANSACTION
control field 20190410122230.0
008 - FIXED-LENGTH DATA ELEMENTS--GENERAL INFORMATION
fixed length control field 120411s1951 ru d |000 0 rusoc
035 ## - SYSTEM CONTROL NUMBER
System control number xx002440158
039 #9 - LEVEL OF BIBLIOGRAPHIC CONTROL AND CODING DETAIL [OBSOLETE]
Level of rules in bibliographic description 201802191342
Level of effort used to assign nonsubject heading access points koploret
Level of effort used to assign subject headings 201705040018
Level of effort used to assign classification AUTHORITY
Level of effort used to assign subject headings 201511172144
Level of effort used to assign classification kopumk
Level of effort used to assign subject headings 201303120124
Level of effort used to assign classification VLOAD
040 ## - CATALOGING SOURCE
Original cataloging agency NUKAT
Transcribing agency WA U/BL
Modifying agency WA U/BL
-- WA U/IJG
-- WA U/ED
041 0# - LANGUAGE CODE
Language code of text/sound track or separate title rus
-- eng
245 00 - TITLE STATEMENT
Title Russko-anglijskij slovar' :
Remainder of title okolo 25 000 slov /
Statement of responsibility, etc pod red. O. S. Ahmanovoj.
250 ## - EDITION STATEMENT
Edition statement Izd. 6, ispr. i dop.
260 ## - PUBLICATION, DISTRIBUTION, ETC. (IMPRINT)
Place of publication, distribution, etc Moskva :
Name of publisher, distributor, etc Gosud. Izd. Inostrannyh i Nacional'nyh Slovarej,
Date of publication, distribution, etc 1951.
300 ## - PHYSICAL DESCRIPTION
Extent 464 s. ;
Dimensions 18 cm.
700 1# - ADDED ENTRY--PERSONAL NAME
Personal name Ahmanova, Olʹga Sergeevna
Dates associated with a name (1908-1991).
Relator term Red.
942 ## - ADDED ENTRY ELEMENTS (KOHA)
Source of classification or shelving scheme
Koha item type Książki
Egzemplarze
Withdrawn status Lost status Source of classification or shelving scheme Damaged status Not for loan Permanent Location Current Location Shelving location Date acquired Cost, normal purchase price Inventory number Full call number Barcode Date last seen Price effective from Koha item type Public note
        Nie do wypożyczenia Instytut Łączności Instytut Łączności Księgozbiór Podręczny 1960-10-07 0.00 10719 10719 Podr. 10719 Podr. 2022-12-28 2017-11-30 Książki nie do wypożyczeń

Działa dzięki Koha